| 000 | 00902nam a2200229Ia 4500 | ||
|---|---|---|---|
| 003 | GCL | ||
| 008 | 140319s9999 xx 000 0 ara d | ||
| 040 |
_aGCL / _cGCL |
||
| 082 | 0 | 4 |
_a306.44 _bأ ت |
| 100 | 1 | _aالسيد اسماعيل السروى | |
| 245 | 1 | 0 |
_aتعريب العلوم فى ضوء العبرنة الاسرائيلية / _cالسيد اسماعيل السروى |
| 250 | _aالاولى | ||
| 260 |
_aالقاهرة : _bدار غريب للطباعة والنشر والتوزيع ، _c2004 |
||
| 300 |
_a216ص ؛ _c18سم |
||
| 650 | 0 | 4 | _aاللغة العبرية |
| 650 | 0 | 4 | _aاللغة العامية |
| 650 | 0 | 4 | _aاللغة العامية المصرية |
| 650 | 0 | 4 | _aاللغة العربية - الكلمات الدخيلة |
| 650 | 0 | 4 | _aاللغات - الكلمات الدخيلة |
| 650 | 0 | 4 | _aاللغات - الجوانب السياسية |
| 942 |
_2ddc _cBK |
||
| 999 |
_c42512 _d42512 |
||